00644nam a2200193Ia 4500008004100000020001400041082001600055100002100071245004800092250000800140260004500148300002700193500001900220600002100239650005000260942000700310952011800317999001500435240925s9999 xx 000 0 und d a130824518 a005.456 IRV aIrvine , Kip . R 0aAssembly Language For Intel-Based Computers a3rd aNew Jersey:bPrintice- Hall Int.c,1999. avii,646p.bNAfPirated aIncludes Index aComputer Science aComputer science, information & general works cBK 001040708CSaUITUbUITUd2003-01-28eF.B.Cg395.00l0o005.456 IRVpQ4882r2024-09-25 07:13:39w2024-09-25yBK c7381d7381